[Event "Tbilisi Municipality Cup 2010"]
[Site "?"]
[Date "2010.05.17"]
[Round "3.1"]
[White "Zaslavsky, Mikhail"]
[Black "Mchedlishvili, Mikheil"]
[Result "1/2-1/2"]
[WhiteElo "2397"]
[BlackElo "2630"]
[PlyCount "143"]
[EventDate "2010.??.??"]

1. e4 c5 2. Nf3 d6 3. d4 cxd4 4. Nxd4 Nf6 5. Nc3 Nc6 6. Bg5 Bd7 7. Qd2 Rc8 8.
O-O-O Nxd4 9. Qxd4 Qa5 10. Bxf6 gxf6 11. Kb1 Qc5 12. f4 Qxd4 13. Rxd4 f5 14.
Rb4 b6 15. Ba6 Rc5 16. exf5 Bxf5 17. Re1 e6 18. Ne4 Bxe4 19. Rbxe4 Bg7 20. Bd3
Ke7 21. Ra4 a5 22. Rc4 Rxc4 23. Bxc4 h5 24. c3 Rc8 25. Bd3 h4 26. Kc2 Bf6 27.
Be4 Rc5 28. Kd3 Bg7 29. Bf3 b5 30. a3 d5 31. Re2 Kd6 32. Rc2 f6 33. Rd2 b4 34.
axb4 axb4 35. f5 Bh6 36. Rd1 bxc3 37. bxc3 exf5 38. Ra1 Bf4 39. Ra6+ Ke5 40. h3
Bg3 41. Ra8 Kf4 42. Ra4+ Kg5 43. c4 dxc4+ 44. Rxc4 Re5 45. Rc2 Ra5 46. Rc4 Ra1
47. Rc8 Be5 48. Ra8 Rb1 49. Ra4 Rb2 50. Ke3 Bc7 51. Kd3 Be5 52. Rc4 Ra2 53. Rb4
Bf4 54. Rb7 Bd6 55. Rh7 Bg3 56. Rb7 Be1 57. Rb1 Ba5 58. Ke3 Bd2+ 59. Kf2 Kf4
60. Kg1 Kg3 61. Rf1 Be3+ 62. Kh1 Bf2 63. Bd5 Rd2 64. Bf3 Rd3 65. Bc6 f4 66. Bb7
Re3 67. Bc6 f5 68. Bd5 Re4 69. Rb1 f3 70. Bxe4 fxe4 71. gxf3 e3 72. Rb2 1/2-1/2

[Event "Tbilisi Municipality Cup 2010"]
[Site "?"]
[Date "2010.05.17"]
[Round "3.2"]
[White "Chigladze, Iveri"]
[Black "Pantsulaia, Levan"]
[Result "0-1"]
[WhiteElo "2386"]
[BlackElo "2587"]
[PlyCount "60"]
[EventDate "2010.??.??"]

1. Nf3 c5 2. c4 b6 3. g3 Bb7 4. Bg2 g6 5. Nc3 Bg7 6. O-O Nc6 7. e3 Nh6 8. d4
cxd4 9. exd4 Nf5 10. g4 Nfxd4 11. Nxd4 Bxd4 12. Bh6 Bxc3 13. bxc3 Qc7 14. c5
Nd8 15. Bxb7 Qxb7 16. Rb1 Ne6 17. Re1 Qc6 18. cxb6 axb6 19. c4 g5 20. Qd5 Rc8
21. a4 Rg8 22. Qxc6 Rxc6 23. a5 bxa5 24. Rb8+ Nd8 25. Re5 Rxh6 26. Rxa5 d5 27.
Rxd8+ Kxd8 28. Ra8+ Kc7 29. Rxg8 dxc4 30. Rxg5 c3 0-1

[Event "Tbilisi Municipality Cup 2010"]
[Site "?"]
[Date "2010.05.17"]
[Round "3.3"]
[White "Gagunashvili, Merab"]
[Black "Morchiashvili, Bachana"]
[Result "1-0"]
[WhiteElo "2580"]
[BlackElo "2370"]
[PlyCount "75"]
[EventDate "2010.??.??"]

1. d4 Nf6 2. c4 e6 3. Nf3 b6 4. Nc3 Bb4 5. Qc2 Bb7 6. a3 Bxc3+ 7. Qxc3 Ne4 8.
Qc2 O-O 9. e3 d6 10. Be2 Nd7 11. O-O f5 12. b4 Rf6 13. Bb2 Rh6 14. d5 e5 15.
Bd3 Ndf6 16. Ne1 Ng4 17. h3 Qg5 18. Bxe4 fxe4 19. hxg4 Qxg4 20. f4 Rf8 21. Qxe4
Bc8 22. Qc2 Qh5 23. Nf3 Bg4 24. Kf2 exf4 25. Rh1 fxe3+ 26. Kxe3 Qf7 27. Rxh6
Qf4+ 28. Kf2 Qxh6 29. Qe2 Qh2 30. Ke1 Qh5 31. Kd2 Re8 32. Qf2 Qh6+ 33. Kc2 Re3
34. Bd4 Qg6+ 35. Kb2 Re8 36. Re1 Rf8 37. Re7 Rf6 38. Qe2 1-0

[Event "Tbilisi Municipality Cup 2010"]
[Site "?"]
[Date "2010.05.17"]
[Round "3.4"]
[White "Arutinian, David"]
[Black "Javakhadze, Zurab"]
[Result "1/2-1/2"]
[WhiteElo "2566"]
[BlackElo "2335"]
[PlyCount "51"]
[EventDate "2010.??.??"]

1. d4 Nf6 2. c4 e6 3. Nc3 Bb4 4. e3 O-O 5. Nge2 d5 6. a3 Be7 7. cxd5 exd5 8. g3
a5 9. Bg2 Re8 10. O-O Na6 11. h3 c6 12. g4 Bd6 13. f4 h6 14. Ng3 b5 15. Qc2 b4
16. Na4 Bd7 17. Bd2 bxa3 18. bxa3 c5 19. Nc3 Rc8 20. Qd3 Nc7 21. Nf5 Bf8 22.
Ng3 cxd4 23. exd4 Ne4 24. Ngxe4 dxe4 25. Bxe4 Nb5 26. Bd5 1/2-1/2

[Event "Tbilisi Municipality Cup 2010"]
[Site "?"]
[Date "2010.05.17"]
[Round "3.5"]
[White "Gelazonia, Parmen"]
[Black "Shanava, Konstantine"]
[Result "0-1"]
[WhiteElo "2315"]
[BlackElo "2557"]
[PlyCount "60"]
[EventDate "2010.??.??"]

1. d4 g6 2. Nf3 Bg7 3. c4 c5 4. d5 d6 5. e4 e6 6. Bd3 Ne7 7. Nc3 O-O 8. h3 h6
9. Qc2 Na6 10. a3 Nc7 11. Be3 exd5 12. exd5 Nf5 13. Bf4 Re8+ 14. Ne4 Nh4 15.
O-O-O Rxe4 16. Bxe4 Nxf3 17. gxf3 b5 18. Rhg1 g5 19. Bd2 bxc4 20. h4 Nb5 21.
hxg5 h5 22. Qxc4 Rb8 23. Bd3 Ba6 24. Qa4 Nxa3 25. Ba5 Bxb2+ 26. Kd2 Qc8 27. g6
Bxd3 28. gxf7+ Kxf7 29. Kxd3 Qa6+ 30. Ke4 Qe2+ 0-1

[Event "Tbilisi Municipality Cup 2010"]
[Site "?"]
[Date "2010.05.17"]
[Round "3.6"]
[White "Jojua, Davit"]
[Black "Zeynalov, Ahmad Fariz Ogl"]
[Result "1/2-1/2"]
[WhiteElo "2537"]
[BlackElo "2320"]
[PlyCount "63"]
[EventDate "2010.??.??"]

1. d4 d5 2. c4 dxc4 3. Nf3 Nf6 4. e3 e6 5. Bxc4 c5 6. O-O a6 7. dxc5 Qxd1 8.
Rxd1 Bxc5 9. Nbd2 Nc6 10. Nb3 Be7 11. Bd2 O-O 12. Rac1 Rd8 13. Be2 Bd7 14. Na5
Nxa5 15. Bxa5 Rdc8 16. Ne5 Rxc1 17. Rxc1 Rc8 18. Rxc8+ Bxc8 19. Bf3 Nd5 20. Nc4
b5 21. Nb6 Nxb6 22. Bxb6 Kf8 23. Kf1 Bd6 24. Ke2 Ke7 25. Kd3 e5 26. Bc6 Ke6 27.
e4 f6 28. g3 Ke7 29. h4 g6 30. b3 Bb4 31. a4 Bd7 32. axb5 1/2-1/2

[Event "Tbilisi Municipality Cup 2010"]
[Site "?"]
[Date "2010.05.17"]
[Round "3.8"]
[White "Arabidze, Meri"]
[Black "Benidze, Davit"]
[Result "0-1"]
[WhiteElo "2298"]
[BlackElo "2499"]
[PlyCount "142"]
[EventDate "2010.??.??"]

1. d4 Nf6 2. c4 e6 3. Nf3 Bb4+ 4. Bd2 Bxd2+ 5. Qxd2 d5 6. Qc2 c6 7. Nbd2 Nbd7
8. g3 O-O 9. Bg2 b5 10. b3 Ba6 11. O-O Rc8 12. c5 Qe7 13. e4 Nxe4 14. Nxe4 dxe4
15. Qxe4 Nf6 16. Qc2 b4 17. Rfe1 Bb5 18. Qd2 a5 19. a3 Nd5 20. Ng5 Rfd8 21. Ne4
Rc7 22. axb4 axb4 23. Nd6 Nc3 24. Ra5 Rcd7 25. Qe3 Rxd6 26. cxd6 Qxd6 27. Ra7
h6 28. Qf3 Rd7 29. Rxd7 Qxd7 30. Qe3 Qa7 31. Qd2 Qa6 32. Bf1 Bxf1 33. Rxf1 Kf8
34. Kg2 Qa5 35. f3 Kg8 36. Rc1 Qd5 37. Rxc3 bxc3 38. Qxc3 Qb5 39. Kf2 Qa6 40.
Kg1 Qa8 41. Kg2 Kf8 42. Qc5+ Ke8 43. Qb6 Kd7 44. Kh3 h5 45. b4 g5 46. b5 f6 47.
bxc6+ Qxc6 48. Qa7+ Ke8 49. f4 Qf3 50. Qb8+ Kf7 51. Qb1 Kg7 52. fxg5 fxg5 53.
Qe1 Kh7 54. Qb1+ Kh6 55. Qc1 Qf2 56. d5 Qf5+ 57. Kg2 Qxd5+ 58. Kg1 Qd4+ 59. Kg2
Qe4+ 60. Kg1 Kg6 61. Qc5 Qe1+ 62. Kg2 Qe2+ 63. Kg1 Qd1+ 64. Kf2 Qh1 65. Qc2+
Kf6 66. Qb2+ Kf5 67. Qc2+ Kf6 68. Qb2+ e5 69. Ke3 Qe1+ 70. Kf3 g4+ 71. Kg2 Qe4+
0-1

[Event "Tbilisi Municipality Cup 2010"]
[Site "?"]
[Date "2010.05.17"]
[Round "3.9"]
[White "Iskandarov, Misratdin M.O"]
[Black "Nigalidze, Gaioz"]
[Result "1/2-1/2"]
[WhiteElo "2175"]
[BlackElo "2489"]
[PlyCount "159"]
[EventDate "2010.??.??"]

1. e4 d6 2. d4 g6 3. Be3 Bg7 4. Qd2 Nd7 5. Nc3 c6 6. f4 b5 7. Nf3 Nb6 8. h3 h5
9. Bd3 a5 10. O-O Ba6 11. a3 Nh6 12. Rfe1 Nc4 13. Bxc4 bxc4 14. d5 c5 15. e5
O-O 16. Nh4 Bc8 17. e6 fxe6 18. Nxg6 Bxc3 19. bxc3 Rf6 20. Nh4 Nf5 21. Bf2 Ng7
22. Nf3 Bb7 23. Bh4 Rg6 24. f5 Nxf5 25. Rxe6 Rxe6 26. Qg5+ Ng7 27. dxe6 Bxf3
28. Rf1 Qc8 29. Rxf3 Qxe6 30. Qxe7 Re8 31. Qg5 Rf8 32. Rg3 Rf7 33. Qg6 Qe1+ 34.
Kh2 Qe5 35. Bg5 d5 36. h4 d4 37. Bh6 a4 38. Kh3 Qe1 39. Kh2 Qe5 40. Bg5 Qe6 41.
Bh6 Qxg6 42. Rxg6 d3 43. cxd3 cxd3 44. Rc6 Rf5 45. Rd6 c4 46. Rc6 Rd5 47. Bd2
Re5 48. Rxc4 Ne6 49. Rxa4 Re2 50. Bg5 Rc2 51. Ra8+ Kf7 52. Ra7+ Kg6 53. Rd7
Rxc3 54. a4 Kf5 55. a5 Ra3 56. Be7 Rxa5 57. Rxd3 Ra2 58. Bd6 Ra4 59. Rf3+ Kg6
60. Kh3 Re4 61. g3 Ng7 62. Rf8 Re8 63. Rf2 Nf5 64. Bf4 Re6 65. Rb2 Ne7 66. Rb5
Nf5 67. Rb8 Re7 68. Rb6+ Kg7 69. Ra6 Rf7 70. Be5+ Kh7 71. Ra8 Ne3 72. Rh8+ Kg6
73. Bf4 Ng4 74. Re8 Ra7 75. Re6+ Kf5 76. Rb6 Ke4 77. Rb2 Kf3 78. Rb3+ Kf2 79.
Rb2+ Kf3 80. Rb3+ 1/2-1/2

[Event "Tbilisi Municipality Cup 2010"]
[Site "?"]
[Date "2010.05.17"]
[Round "3.10"]
[White "Meskhi, Teona"]
[Black "Maghalashvili, Davit"]
[Result "0-1"]
[WhiteElo "2073"]
[BlackElo "2461"]
[PlyCount "76"]
[EventDate "2010.??.??"]

1. d4 Nf6 2. Nf3 g6 3. c3 Bg7 4. Bf4 O-O 5. h3 d6 6. Nbd2 Nbd7 7. e4 Nh5 8. Be3
e5 9. dxe5 dxe5 10. g3 h6 11. a4 Qe7 12. Nb3 b6 13. Bc4 Kh7 14. Bd5 Rb8 15. Qe2
Ndf6 16. Bc6 Qe6 17. Nbd4 exd4 18. Nxd4 Qe5 19. f4 Qe7 20. Qf3 Nxg3 21. Qxg3
Nxe4 22. Qf3 Bxd4 23. Bxd4 Ng3+ 24. Kf2 Nxh1+ 25. Rxh1 Bd7 26. Be4 Rbe8 27. Bd3
Bf5 28. Bxf5 Qh4+ 29. Qg3 Re2+ 30. Kf3 Qxg3+ 31. Kxg3 gxf5 32. b4 Rc2 33. Kh4
Rg8 34. Re1 c5 35. bxc5 bxc5 36. Be5 Rh2 37. Re3 Rgg2 38. c4 Kg6 0-1

[Event "Tbilisi Municipality Cup 2010"]
[Site "?"]
[Date "2010.05.17"]
[Round "3.11"]
[White "Supatashvili, Khvicha"]
[Black "Qashashvili, Alexandre"]
[Result "1-0"]
[WhiteElo "2461"]
[BlackElo "2315"]
[PlyCount "45"]
[EventDate "2010.??.??"]

1. d4 Nf6 2. c4 e6 3. Nf3 d5 4. Nc3 c5 5. cxd5 exd5 6. Bg5 Be7 7. e3 O-O 8. Be2
Nc6 9. dxc5 Bxc5 10. O-O Be6 11. Rc1 Be7 12. Nd4 Rc8 13. Qd3 Qb6 14. Na4 Qb4
15. Nxc6 bxc6 16. Qd4 Qa5 17. Nc5 Bf5 18. a3 Qb6 19. b4 Rfd8 20. Qe5 Be6 21.
Nxe6 fxe6 22. Qxe6+ Kh8 23. Bh5 1-0

[Event "Tbilisi Municipality Cup 2010"]
[Site "?"]
[Date "2010.05.17"]
[Round "3.12"]
[White "Khotenashvili, Bela"]
[Black "Bagaturov, Giorgi"]
[Result "1/2-1/2"]
[WhiteElo "2410"]
[BlackElo "2453"]
[PlyCount "76"]
[EventDate "2010.??.??"]

1. d4 Nf6 2. c4 e6 3. Nf3 d5 4. g3 Bb4+ 5. Bd2 Be7 6. Bg2 O-O 7. O-O c6 8. Bf4
b6 9. Nc3 Bb7 10. cxd5 cxd5 11. Ne5 a6 12. Rc1 b5 13. Qd3 Qb6 14. g4 Nc6 15. g5
Nxe5 16. Bxe5 Ne8 17. Qe3 Nd6 18. Bxd6 Bxd6 19. f4 Rac8 20. Kh1 Rc4 21. Rcd1
Qc7 22. a3 Bxa3 23. Nxb5 axb5 24. bxa3 Rc3 25. Rd3 Rc8 26. f5 exf5 27. Rxf5
Rxd3 28. Qxd3 Qc4 29. Qe3 Qc1+ 30. Qxc1 Rxc1+ 31. Bf1 f6 32. Kg2 Bc8 33. Rf3
fxg5 34. Rb3 Bd7 35. Kf2 Kf7 36. Bg2 Bc6 37. Rf3+ Ke6 38. Bh3+ Kd6 1/2-1/2

[Event "Tbilisi Municipality Cup 2010"]
[Site "?"]
[Date "2010.05.17"]
[Round "3.13"]
[White "Paichadze, Luka"]
[Black "Mgeladze, Tamaz"]
[Result "1/2-1/2"]
[WhiteElo "2452"]
[BlackElo "2307"]
[PlyCount "84"]
[EventDate "2010.??.??"]

1. e4 c5 2. b3 d6 3. Bb2 Nf6 4. Bb5+ Nbd7 5. Nc3 a6 6. Bxd7+ Bxd7 7. d4 cxd4 8.
Qxd4 Bc6 9. O-O-O g6 10. e5 dxe5 11. Qxe5 Bh6+ 12. Kb1 Qb8 13. Qg3 O-O 14. Nge2
Bg7 15. f3 b5 16. Nd4 Bb7 17. Rhe1 Re8 18. Qxb8 Raxb8 19. b4 e5 20. Nb3 Bf8 21.
a3 e4 22. Ne2 Nh5 23. fxe4 Bxe4 24. g3 f5 25. Nc3 Bf3 26. Rxe8 Rxe8 27. Rd3
Re1+ 28. Ka2 Be4 29. Rd2 Nf6 30. Nc5 Bc6 31. Rd8 Kf7 32. Nxa6 Bd7 33. Nd5 Be7
34. Bxf6 Bxd8 35. Bxd8 Be6 36. c4 bxc4 37. Nc3 Rh1 38. Bc7 Rxh2+ 39. Kb1 f4 40.
Bxf4 Bf5+ 41. Ka1 Rh1+ 42. Kb2 Rh2+ 1/2-1/2

[Event "Tbilisi Municipality Cup 2010"]
[Site "?"]
[Date "2010.05.17"]
[Round "3.14"]
[White "Danelia, Mariam"]
[Black "Khurtsidze, Nino"]
[Result "1/2-1/2"]
[WhiteElo "2203"]
[BlackElo "2448"]
[PlyCount "94"]
[EventDate "2010.??.??"]

1. d4 Nf6 2. c4 e6 3. Nc3 d5 4. Nf3 Bb4 5. cxd5 exd5 6. Bg5 Nbd7 7. e3 c5 8.
Be2 O-O 9. O-O Bxc3 10. bxc3 Re8 11. c4 dxc4 12. dxc5 Nxc5 13. Qxd8 Rxd8 14.
Bxc4 Be6 15. Bxe6 Nxe6 16. Bxf6 gxf6 17. Rfc1 Rd5 18. Kf1 Rad8 19. Ke2 Ra5 20.
Rc2 Rd6 21. Rb1 Rc6 22. Rbb2 Rxc2+ 23. Rxc2 h5 24. g3 b5 25. Nd2 Ra4 26. h4 a6
27. Nb3 Kg7 28. Kd2 Ra3 29. Kc1 Kg6 30. Kb2 Ra4 31. Rd2 Ng7 32. Rd4 Rxd4 33.
Nxd4 Nf5 34. Nxf5 Kxf5 35. f3 Ke5 36. g4 hxg4 37. fxg4 f5 38. g5 f4 39. h5 fxe3
40. h6 e2 41. h7 e1=Q 42. h8=Q+ Kf5 43. Qf6+ Kg4 44. Qxf7 Qe5+ 45. Kb3 Kxg5 46.
Kb4 Qe1+ 47. Kc5 Qe5+ 1/2-1/2

[Event "Tbilisi Municipality Cup 2010"]
[Site "?"]
[Date "2010.05.17"]
[Round "3.15"]
[White "Bokuchava, Madona"]
[Black "Azaladze, Shota"]
[Result "0-1"]
[WhiteElo "2108"]
[BlackElo "2432"]
[PlyCount "84"]
[EventDate "2010.??.??"]

1. d4 g6 2. c4 Bg7 3. Nf3 d6 4. g3 Nf6 5. Bg2 O-O 6. O-O c6 7. Nc3 Qa5 8. h3
Qa6 9. b3 b5 10. Nd2 Bb7 11. Bb2 Nbd7 12. e3 bxc4 13. Nxc4 c5 14. d5 Nb6 15.
Nxb6 axb6 16. a4 Qa5 17. Nb5 Nd7 18. Bxg7 Kxg7 19. Qe1 Ba6 20. Qxa5 bxa5 21.
Rfd1 Rab8 22. Bf1 Rb6 23. h4 Rfb8 24. Kg2 R8b7 25. Ra2 Nf6 26. f3 Ne8 27. Bc4
Nc7 28. Rdd2 Nxb5 29. axb5 Bxb5 30. Rxa5 Bxc4 31. bxc4 Rb3 32. e4 Rc3 33. e5
Rxc4 34. exd6 exd6 35. Ra6 Rd7 36. Rc6 h5 37. Kf2 Kf6 38. Ke3 Ke5 39. f4+ Kf5
40. Rd3 Kg4 41. Ke2 Rc2+ 42. Kf1 Rb7 0-1

[Event "Tbilisi Municipality Cup 2010"]
[Site "?"]
[Date "2010.05.17"]
[Round "3.16"]
[White "Eranyan, Khachatur"]
[Black "Tsereteli, Tamar"]
[Result "1/2-1/2"]
[WhiteElo "2055"]
[BlackElo "2402"]
[PlyCount "184"]
[EventDate "2010.??.??"]

1. d4 d5 2. c4 e6 3. Nf3 Nf6 4. Nc3 Bb4 5. Bg5 h6 6. Bxf6 Qxf6 7. e3 O-O 8. Bd3
c5 9. O-O cxd4 10. exd4 Bxc3 11. bxc3 dxc4 12. Bxc4 Nc6 13. Qe2 b6 14. Bd3 Bb7
15. Qe4 g6 16. Qe3 Kg7 17. Be4 Na5 18. Bxb7 Nxb7 19. Ne5 Rfd8 20. a4 Rac8 21.
a5 Nxa5 22. f4 Qe7 23. Qg3 Kh7 24. Qh3 f6 25. Ng4 Qg7 26. Rae1 f5 27. Ne5 Nc6
28. Nf3 Re8 29. Re3 Kg8 30. Rfe1 Nd8 31. Nh4 Rf8 32. Nxg6 Rf6 33. Ne5 Kh7 34.
Rg3 Qe7 35. Qh4 Rc7 36. Qh5 Qf8 37. Nf3 Rg7 38. Rxg7+ Kxg7 39. Ne5 Qa3 40. Qf3
Qd6 41. Qg3+ Kh7 42. Qh4 Qe7 43. Nf3 Rf7 44. Qh5 Rf8 45. Ne5 Rg8 46. Qf3 Nf7
47. Nxf7 Qxf7 48. Qc6 Rg6 49. Re5 Qg8 50. Qd7+ Rg7 51. Qc6 Rg6 52. g3 h5 53.
Kf2 Kh6 54. c4 Qd8 55. d5 exd5 56. Qxd5 Qxd5 57. cxd5 a5 58. Ke3 h4 59. Kd4
hxg3 60. hxg3 a4 61. Re3 Rd6 62. Rc3 b5 63. Rc6 Rg6 64. d6 a3 65. Kc3 Rxg3+ 66.
Kb4 Rd3 67. Kxb5 Kh5 68. Kc4 a2 69. Ra6 Rxd6 70. Rxa2 Kg4 71. Rf2 Kg3 72. Rf1
Kg2 73. Ra1 Kf3 74. Kc5 Re6 75. Rf1+ Kg3 76. Kd4 Re4+ 77. Kd3 Rxf4 78. Rg1+ Kf2
79. Rg8 Rg4 80. Ra8 f4 81. Ra2+ Kg3 82. Ra1 Kf3 83. Rf1+ Kg2 84. Ke2 Rh4 85.
Rf3 Rg4 86. Rf1 Kg3 87. Rg1+ Kh4 88. Rxg4+ Kxg4 89. Kf2 f3 90. Kf1 Kg3 91. Kg1
f2+ 92. Kf1 Kf3 1/2-1/2

[Event "Tbilisi Municipality Cup 2010"]
[Site "?"]
[Date "2010.05.17"]
[Round "3.19"]
[White "Gamzardia, Giorgi"]
[Black "Sanikidze, Tornike"]
[Result "0-1"]
[WhiteElo "2183"]
[BlackElo "2569"]
[PlyCount "154"]
[EventDate "2010.??.??"]

1. Nf3 g6 2. d4 Bg7 3. b3 d6 4. Bb2 Nf6 5. e3 a5 6. a3 O-O 7. c4 c6 8. Nc3 Bg4
9. Be2 Re8 10. O-O Qc7 11. h3 Bf5 12. Bd3 Bxd3 13. Qxd3 e5 14. Qc2 Qe7 15. b4
Nbd7 16. Qb3 Nh5 17. dxe5 Nxe5 18. Nxe5 Bxe5 19. Ne2 Nf6 20. Nd4 Ne4 21. Nf3
Bxb2 22. Qxb2 Qe6 23. Rfc1 h5 24. Nd2 Nxf2 25. Qd4 c5 26. bxc5 dxc5 27. Qc3 Ne4
28. Nxe4 Qxe4 29. Re1 b6 30. Ra2 Rad8 31. Rf2 Rd3 32. Qb2 Re6 33. Rf4 Qb7 34.
Ref1 Re7 35. Rf6 Rdxe3 36. Rxb6 Qe4 37. Rb8+ Re8 38. Rxe8+ Qxe8 39. Qb6 Rxa3
40. Qxc5 Qe3+ 41. Qxe3 Rxe3 42. Rc1 Re6 43. c5 Rc6 44. Kf2 Kf8 45. Ke3 Ke7 46.
Kd4 Ra6 47. c6 Kd8 48. Kc5 Kc7 49. Kb5 Rb6+ 50. Kxa5 Rxc6 51. Rf1 f6 52. Kb5 h4
53. Rf2 Kd7 54. Rd2+ Rd6 55. Re2 Re6 56. Rd2+ Ke7 57. Kc5 f5 58. Ra2 Re4 59.
Ra6 Kf7 60. Kd5 Re2 61. Ra4 g5 62. Ra6 Kg7 63. Rb6 f4 64. Ra6 Rxg2 65. Ke4 Rg3
66. Kf5 f3 67. Ra7+ Kf8 68. Kf6 Ke8 69. Ke6 Kd8 70. Kd6 Kc8 71. Kc6 Kb8 72.
Rb7+ Ka8 73. Rf7 f2 74. Rxf2 Rc3+ 75. Kd5 Rxh3 76. Kc6 Rc3+ 77. Kd5 Rg3 0-1

[Event "Tbilisi Municipality Cup 2010"]
[Site "?"]
[Date "2010.05.17"]
[Round "3.21"]
[White "Melia, Salome"]
[Black "Mamedjarova, Turkan"]
[Result "0-1"]
[WhiteElo "2466"]
[BlackElo "2279"]
[PlyCount "120"]
[EventDate "2010.??.??"]

1. e4 e5 2. Nf3 Nc6 3. Bb5 a6 4. Ba4 Nf6 5. O-O Be7 6. Re1 b5 7. Bb3 O-O 8. a4
Bb7 9. d3 d6 10. c3 Na5 11. Bc2 c5 12. Nbd2 b4 13. cxb4 cxb4 14. d4 Nd7 15. Nf1
Re8 16. Ne3 Rc8 17. Nf5 Bf8 18. Bg5 Qb6 19. Be3 Nc4 20. dxe5 Nxe3 21. Rxe3 Nxe5
22. Nxe5 dxe5 23. Bb3 Rc7 24. a5 Qf6 25. Qg4 g6 26. Rf3 Qc6 27. Ng3 Qc5 28. h4
Bc8 29. Qg5 Bg7 30. h5 Be6 31. Bxe6 Rxe6 32. Qd8+ Bf8 33. Nf5 Rc8 34. Nh6+ Kg7
35. Qd2 Rc7 36. Nf5+ Kh8 37. hxg6 fxg6 38. Ne3 Rc8 39. Nd5 Qd4 40. Qe2 Kg7 41.
Rd3 Qa7 42. Nb6 Rc7 43. Qg4 Rf6 44. Rf1 Bc5 45. Qg3 Rf4 46. Qg5 Rxe4 47. Rfd1
Rf7 48. Rf3 Bd4 49. Rf1 h6 50. Qd8 Qc7 51. Qxc7 Rxc7 52. Nd5 Rc2 53. Nxb4 Rxb2
54. Nc6 h5 55. g3 Ra2 56. Rb1 Ree2 57. Rb7+ Kh6 58. Rb8 e4 59. Nxd4 exf3 60.
Nxe2 Ra1+ 0-1

[Event "Tbilisi Municipality Cup 2010"]
[Site "?"]
[Date "2010.05.17"]
[Round "3.22"]
[White "Beradze, Irakli"]
[Black "Gaprindashvili, Valeriane"]
[Result "0-1"]
[WhiteElo "2223"]
[BlackElo "2415"]
[PlyCount "78"]
[EventDate "2010.??.??"]

1. e4 c6 2. d4 d5 3. exd5 cxd5 4. c4 Nf6 5. Nc3 e6 6. Nf3 Bb4 7. cxd5 Nxd5 8.
Bd2 Nc6 9. Bd3 Nf6 10. O-O O-O 11. Bg5 h6 12. Bh4 Be7 13. Re1 Nh5 14. Bxe7 Nxe7
15. Ne5 Nf6 16. Bc2 Qb6 17. Nc4 Qc7 18. Qe2 Rd8 19. Rad1 Bd7 20. Ne5 Bc6 21.
Qe3 Rac8 22. Qh3 Ned5 23. Qh4 Bb5 24. Bb3 Qa5 25. Nxd5 Nxd5 26. Qh3 Rc7 27. Qf3
Ba4 28. Re4 Bxb3 29. axb3 Nf6 30. Rh4 Rdc8 31. h3 Qd5 32. Qf4 Qxb3 33. Rd3 Qxb2
34. Kh2 Qc1 35. Qf3 Nd5 36. Rd1 Qg5 37. Rg4 Qf5 38. Qg3 h5 39. Rh4 Rc3 0-1

[Event "Tbilisi Municipality Cup 2010"]
[Site "?"]
[Date "2010.05.17"]
[Round "3.23"]
[White "Ismael, Namir Mohammed"]
[Black "Tabatadze, Tamaz"]
[Result "0-1"]
[WhiteElo "2183"]
[BlackElo "2390"]
[PlyCount "132"]
[EventDate "2010.??.??"]

1. d4 f5 2. e4 fxe4 3. Nc3 Nf6 4. Bg5 c6 5. f3 d5 6. Bxf6 exf6 7. fxe4 Bb4 8.
exd5 Qxd5 9. Qd2 Qe6+ 10. Nge2 O-O 11. O-O-O Nd7 12. a3 Ba5 13. d5 Qf7 14. dxc6
bxc6 15. Nd4 Ne5 16. Nb3 Bb6 17. Be2 Be6 18. Nd4 Rad8 19. Qf4 Bc8 20. Nf3 Ng6
21. Qa4 Qc7 22. Kb1 Kh8 23. g3 Bd7 24. Rhf1 Rb8 25. Nh4 Ne5 26. Ne4 Bh3 27.
Rfe1 Ba5 28. Rg1 c5 29. Nd6 Bd7 30. Qe4 Bc3 31. b3 Qa5 32. Nc4 Nxc4 33. Qxc4
Bb5 34. Ng6+ hxg6 35. Qh4+ Kg8 36. Bc4+ Bxc4 37. Qxc4+ Rf7 38. Rd7 Rbf8 39. Ka2
Bd4 40. Rd1 Qc3 41. Qxc3 Bxc3 42. b4 cxb4 43. Kb3 a5 44. R1d5 Rxd7 45. Rxd7 Ra8
46. a4 g5 47. g4 Kh7 48. h3 Re8 49. Ra7 Re5 50. Kc4 Be1 51. Kd3 Bf2 52. Ra6 Rc5
53. Kd2 Bg3 54. Ra7 Be5 55. Ra6 g6 56. Ra7+ Kg8 57. Ra6 Kf7 58. Ra7+ Ke6 59.
Rg7 Rc3 60. Ra7 Bf4+ 61. Kd1 Rxh3 62. Rxa5 Rg3 63. Rb5 Bd6 64. a5 Rxg4 65. a6
Rg1+ 66. Ke2 Ra1 0-1

[Event "Tbilisi Municipality Cup 2010"]
[Site "?"]
[Date "2010.05.17"]
[Round "3.24"]
[White "Lomsadze, Davit"]
[Black "Patsia, Zviad"]
[Result "1-0"]
[WhiteElo "2366"]
[BlackElo "2209"]
[PlyCount "60"]
[EventDate "2010.??.??"]

1. e4 Nf6 2. d3 d5 3. e5 Nfd7 4. f4 e6 5. Nf3 c5 6. g3 Nc6 7. Bg2 b5 8. O-O g6
9. c3 a5 10. a4 b4 11. c4 Nb6 12. cxd5 Qxd5 13. Be3 Bb7 14. Ng5 Qd8 15. Ne4 Nd5
16. Bf2 Nd4 17. Nbd2 Be7 18. Rc1 Rc8 19. Nc4 Rc6 20. Ncd6+ Bxd6 21. exd6 Nf5
22. Nxc5 Rxc5 23. Rxc5 Nde3 24. Bxe3 Nxe3 25. Qe2 Nxg2 26. Rc7 Bd5 27. Re7+
Qxe7 28. dxe7 Kxe7 29. Rc1 Rd8 30. Rc7+ Kf8 1-0

[Event "Tbilisi Municipality Cup 2010"]
[Site "?"]
[Date "2010.05.17"]
[Round "3.25"]
[White "Khelaia, Giorgi"]
[Black "Shalamberidze, Akaki"]
[Result "0-1"]
[WhiteElo "2097"]
[BlackElo "2359"]
[PlyCount "52"]
[EventDate "2010.??.??"]

1. c4 e5 2. Nc3 Nf6 3. Nf3 Nc6 4. g3 g6 5. Bg2 Bg7 6. O-O O-O 7. d3 d6 8. Rb1
a5 9. a3 Re8 10. b4 axb4 11. axb4 Rb8 12. b5 Nd4 13. e3 Ne6 14. Ba3 Nc5 15.
Bxc5 dxc5 16. Ng5 Nd7 17. h4 h6 18. Nf3 Nb6 19. Na4 e4 20. Nd2 Nxa4 21. Qxa4
exd3 22. Qa7 Bg4 23. Bxb7 Bc3 24. Ne4 Rxb7 25. Qxb7 Bf3 26. b6 cxb6 0-1

[Event "Tbilisi Municipality Cup 2010"]
[Site "?"]
[Date "2010.05.17"]
[Round "3.26"]
[White "Quparadze, Giga"]
[Black "Tereladze, Sopiko"]
[Result "1-0"]
[WhiteElo "2348"]
[BlackElo "2196"]
[PlyCount "85"]
[EventDate "2010.??.??"]

1. e4 e5 2. Nf3 Nc6 3. Bb5 Nf6 4. d3 d6 5. c3 a6 6. Ba4 b5 7. Bb3 Be7 8. O-O
Bg4 9. Nbd2 O-O 10. Re1 Na5 11. Bc2 c5 12. a3 Be6 13. Nf1 h6 14. d4 cxd4 15.
cxd4 Rc8 16. b3 Qc7 17. Re2 Rfd8 18. Bb2 exd4 19. Nxd4 Nc6 20. Nxe6 fxe6 21.
Rc1 Qb6 22. Bb1 Rf8 23. Ne3 Ne5 24. Rec2 Rce8 25. Bd4 Qb8 26. Rc7 Ng6 27. Qc2
e5 28. Ba7 Qa8 29. Nf5 Rf7 30. Be3 Nf8 31. Ra7 Qd8 32. Rxa6 d5 33. exd5 Qxd5
34. b4 e4 35. Nxe7+ Rfxe7 36. a4 Kh8 37. Ba2 Qh5 38. Ra5 Ng6 39. Rxb5 Re5 40.
Bf7 Rxb5 41. axb5 Rf8 42. Qc4 Qf5 43. Qe6 1-0

[Event "Tbilisi Municipality Cup 2010"]
[Site "?"]
[Date "2010.05.17"]
[Round "3.27"]
[White "Batsiashvili, Nino"]
[Black "Vakhania, Alexandra"]
[Result "1-0"]
[WhiteElo "2325"]
[BlackElo "2188"]
[PlyCount "87"]
[EventDate "2010.??.??"]

1. d4 d5 2. c4 c6 3. Nf3 Nf6 4. Nc3 a6 5. e3 b5 6. c5 Bg4 7. Qb3 Nbd7 8. a4
Bxf3 9. gxf3 e5 10. Qa3 b4 11. Qxb4 Rb8 12. Qa3 a5 13. Bd2 Be7 14. Na2 O-O 15.
b4 Re8 16. Kd1 Qc7 17. bxa5 exd4 18. exd4 Nxc5 19. dxc5 Qe5 20. Rc1 Qd4 21. Bd3
Qxf2 22. Rf1 Qxh2 23. Nb4 Rbc8 24. Qb2 d4 25. Qxd4 Rcd8 26. Qf2 Qc7 27. Rh1
Qxa5 28. Nd5 Qxa4+ 29. Bc2 Qa2 30. Nxf6+ Bxf6 31. Bxh7+ Kf8 32. Be4 Qb3+ 33.
Ke1 g6 34. Qe3 Qb2 35. Rc2 Qa1+ 36. Rc1 Qb2 37. Qf2 Kg8 38. Be3 Qb4+ 39. Kf1
Bg7 40. Bxc6 Re6 41. Be4 Bb2 42. Rb1 Qc4+ 43. Kg2 f5 44. Qxb2 1-0

[Event "Tbilisi Municipality Cup 2010"]
[Site "?"]
[Date "2010.05.17"]
[Round "3.28"]
[White "Sichinava, Davit"]
[Black "Guramishvili, Sopiko"]
[Result "0-1"]
[WhiteElo "2068"]
[BlackElo "2289"]
[PlyCount "66"]
[EventDate "2010.??.??"]

1. e4 c5 2. Nc3 a6 3. d3 b5 4. Be3 e6 5. Nf3 Bb7 6. g3 b4 7. Ne2 f5 8. Nd2 Nf6
9. Bg2 Be7 10. O-O fxe4 11. Nxe4 Nxe4 12. dxe4 O-O 13. Nf4 Nc6 14. Qh5 c4 15.
Rad1 Qc7 16. Bh3 Rf6 17. Qe2 a5 18. c3 Ne5 19. Bd4 Bd6 20. Nh5 Rf7 21. f4 Nd3
22. b3 Ba6 23. Qg4 Bc5 24. f5 e5 25. f6 g6 26. Qg5 Kh8 27. Ng7 exd4 28. Rf5
dxc3+ 29. Kh1 Bb7 30. Qh4 Nf2+ 31. Rxf2 Bxf2 32. Rf1 c2 33. Qf4 Qxf4 0-1

[Event "Tbilisi Municipality Cup 2010"]
[Site "?"]
[Date "2010.05.18"]
[Round "4.2"]
[White "Benidze, Davit"]
[Black "Gagunashvili, Merab"]
[Result "1/2-1/2"]
[WhiteElo "2499"]
[BlackElo "2580"]
[PlyCount "21"]
[EventDate "2010.??.??"]
[SourceDate "2010.05.18"]

1. d4 d5 2. c4 c6 3. Nf3 Nf6 4. e3 Bf5 5. Nc3 e6 6. Nh4 Be4 7. Qb3 Qb6 8. Nxe4
Nxe4 9. Bd3 Qxb3 10. axb3 Nd7 11. Ke2 1/2-1/2